[Event "Stay Safe Play From Home 243"]
[Site "Emanuel Lasker Arena"]
[Date "2020.06.21"]
[Round "3"]
[White "Tvtower68"]
[Black "Tunca"]
[Result "0-1"]
[WhiteElo "1801"]
[BlackElo "1643"]
[Annotator "NA"]
[PlyCount "54"]
[EventDate "2020.06.21"]
[EventType "swiss (blitz)"]

1. e4 {[%emt 0:00:02]} Nf6 {[%emt 0:00:01]} 2. e5 {[%emt 0:00:04]} Nd5 {[%emt 0:00:02]} 3. Nf3 {[%emt 0:00:01]} d6 {[%emt 0:00:01]} 4. c4 {[%emt 0:00:01]} Nb6 {[%emt 0:00:02]} 5. c5 {[%emt 0:00:11]} dxc5 {[%emt 0:00:04]} 6. Nc3 {[%emt 0:00:01]} g6 {[%emt 0:00:06]} 7. d3 {[%emt 0:00:12]} Bg7 {[%emt 0:00:01]} 8. Bf4 {[%emt 0:00:01]} Nc6 {[%emt 0:00:02]} 9. Qe2 {[%emt 0:00:02]} Bg4 {[%emt 0:00:02]} 10. e6 {[%emt 0:00:02]} Bxe6 {[%emt 0:00:06]} 11. Ng5 {[%emt 0:00:01]} Bf5 {[%emt 0:00:05]} 12. Rd1 {[%emt 0:00:11]} Nd4 {[%emt 0:00:03]} 13. Qd2 {[%emt 0:00:06]} O-O {[%emt 0:00:28]} 14. Be2 {[%emt 0:00:03]} Nd5 {[%emt 0:00:38]} 15. O-O {[%emt 0:00:26]} Nxf4 {[%emt 0:00:52]} 16. Qxf4 {[%emt 0:00:03]} Nxe2+ {[%emt 0:00:43]} 17. Nxe2 {[%emt 0:00:04]} Bxd3 {[%emt 0:00:01]} 18. Ng3 {[%emt 0:00:24]} c4 {[%emt 0:00:11]} 19. Rfe1 {[%emt 0:00:04]} Qd6 {[%emt 0:00:13]} 20. Qh4 {[%emt 0:00:04]} h6 {[%emt 0:00:08]} 21. N5e4 {[%emt 0:00:01]} Qb4 {[%emt 0:00:08]} 22. Qxe7 {[%emt 0:00:07]} Qxe7 {[%emt 0:00:02]} 23. Nc3 {[%emt 0:00:05]} Qb4 {[%emt 0:00:07]} 24. Nd5 {[%emt 0:00:03]} Qxb2 {[%emt 0:00:07]} 25. Nxc7 {[%emt 0:00:01]} Rac8 {[%emt 0:00:05]} 26. Nd5 {[%emt 0:00:02]} Qxa2 {[%emt 0:00:05]} 27. Ra1 {[%emt 0:00:08]} Bxa1 {[%emt 0:00:03] Tvtower68 resigns (Lag: Av=0.35s, max=0.6s)} 0-1

[Event "Stay Safe Play From Home 243"]
[Site "Emanuel Lasker Arena"]
[Date "2020.06.21"]
[Round "3"]
[White "Matanant"]
[Black "Dave_H"]
[Result "0-1"]
[WhiteElo "1799"]
[BlackElo "1840"]
[Annotator "NA"]
[PlyCount "48"]
[EventDate "2020.06.21"]
[EventType "swiss (blitz)"]
[BlackTeam "SK Vellmar"]

{- Halt, David (2088)} 1. e4 {[%emt 0:00:11]} e5 {[%emt 0:00:02]} 2. f4 {[%emt 0:00:01]} exf4 {[%emt 0:00:01]} 3. Nf3 {[%emt 0:00:00]} g5 {[%emt 0:00:02]} 4. h4 {[%emt 0:00:03]} g4 {[%emt 0:00:02]} 5. Ne5 {[%emt 0:00:02]} Nf6 {[%emt 0:00:03]} 6. Nxg4 {[%emt 0:00:06]} Nxe4 {[%emt 0:00:06]} 7. Bc4 {[%emt 0:00:07]} d5 {[%emt 0:00:06]} 8. Bb3 {[%emt 0:00:12]} Be7 {[%emt 0:00:18]} 9. Qf3 {[%emt 0:00:25]} Bxh4+ {[%emt 0:00:03]} 10. Kf1 {[%emt 0:00:19]} Qg5 {[%emt 0:00:42]} 11. Nh2 {[%emt 0:00:31]} Ng3+ {[%emt 0:00:08]} 12. Kg1 {[%emt 0:00:03]} Nxh1 {[%emt 0:00:07]} 13. Kxh1 {[%emt 0:00:02]} Bg3 {[%emt 0:00:09]} 14. Qxd5 {[%emt 0:00:31]} Qh4 {[%emt 0:00:13]} 15. Qxf7+ {[%emt 0:00:04]} Kd8 {[%emt 0:00:02]} 16. Qd5+ {[%emt 0:00:26]} Nd7 {[%emt 0:00:07]} 17. Kg1 {[%emt 0:00:02]} Qxh2+ {[%emt 0:00:09]} 18. Kf1 {[%emt 0:00:01]} Re8 {[%emt 0:00:05]} 19. Qg5+ {[%emt 0:00:19]} Nf6 {[%emt 0:00:03]} 20. Qxf6+ {[%emt 0:00:05]} Re7 {[%emt 0:00:12]} 21. Qd4+ {[%emt 0:00:17]} Bd7 {[%emt 0:00:05]} 22. Qh8+ {[%emt 0:00:05]} Be8 {[%emt 0:00:02]} 23. Qd4+ {[%emt 0:00:05]} Kc8 {[%emt 0:00:10]} 24. Qg1 {[%emt 0:00:02]} Re1# {[%emt 0:00:05] (Lag: Av=0.57s, max=0.7s)} 0-1

[Event "Stay Safe Play From Home 243"]
[Site "Emanuel Lasker Arena"]
[Date "2020.06.21"]
[Round "3"]
[White "Skmishra"]
[Black "Josey wales"]
[Result "0-1"]
[WhiteElo "1175"]
[BlackElo "1906"]
[PlyCount "52"]
[EventDate "2020.06.21"]
[EventType "swiss (blitz)"]

1. e4 {[%emt 0:00:05]} d6 {[%emt 0:00:02]} 2. Nf3 {[%emt 0:00:06]} g6 {[%emt 0:00:02]} 3. d4 {[%emt 0:00:07]} Bg7 {[%emt 0:00:01]} 4. h3 {[%emt 0:00:05]} e6 {[%emt 0:00:01]} 5. Nc3 {[%emt 0:00:04]} Nd7 {[%emt 0:00:02]} 6. Bc4 {[%emt 0:00:04]} c6 {[%emt 0:00:02]} 7. O-O {[%emt 0:00:04]} Ne7 {[%emt 0:00:01]} 8. Bg5 {[%emt 0:00:05]} O-O {[%emt 0:00:01]} 9. e5 {[%emt 0:00:18]} d5 {[%emt 0:00:02]} 10. Bd3 {[%emt 0:00:12]} f6 {[%emt 0:00:01]} 11. exf6 {[%emt 0:00:31]} Bxf6 {[%emt 0:00:00]} 12. Bh6 {[%emt 0:00:05]} Re8 {[%emt 0:00:05]} 13. Nh2 {[%emt 0:00:18]} Nf8 {[%emt 0:00:04]} 14. Ne2 {[%emt 0:00:15]} e5 {[%emt 0:00:01]} 15. c3 {[%emt 0:00:05]} e4 {[%emt 0:00:01]} 16. Bc2 {[%emt 0:00:04]} Nf5 {[%emt 0:00:00]} 17. Bf4 {[%emt 0:00:05]} Bg5 {[%emt 0:00:02]} 18. Bxg5 {[%emt 0:00:37]} Qxg5 {[%emt 0:00:00]} 19. Ng3 {[%emt 0:00:06]} Nxg3 {[%emt 0:00:12]} 20. fxg3 {[%emt 0:00:03]} Qxg3 {[%emt 0:00:00]} 21. Qe2 {[%emt 0:00:12]} Bxh3 {[%emt 0:00:03]} 22. Rf2 {[%emt 0:00:35]} Ne6 {[%emt 0:00:02]} 23. Raf1 {[%emt 0:00:08]} Rf8 {[%emt 0:00:02]} 24. Rxf8+ {[%emt 0:00:25]} Rxf8 {[%emt 0:00:03]} 25. Rxf8+ {[%emt 0:00:01]} Nxf8 {[%emt 0:00:01]} 26. Qf2 {[%emt 0:00:02]} Qg5 {[%emt 0:00:05] Time (Lag: Av=0.66s, max=0.9s)} 0-1

[Event "Stay Safe Play From Home 243"]
[Site "Emanuel Lasker Arena"]
[Date "2020.06.21"]
[Round "4"]
[White "Don59as"]
[Black "Haris kollari 13"]
[Result "1-0"]
[WhiteElo "2073"]
[BlackElo "1862"]
[Annotator "NA"]
[PlyCount "82"]
[EventDate "2020.06.21"]
[EventType "swiss (blitz)"]

1. c4 {[%emt 0:00:02]} b6 {[%emt 0:00:01]} 2. Nc3 {[%emt 0:00:01]} Bb7 {[%emt 0:00:01]} 3. e4 {[%emt 0:00:01]} g6 {[%emt 0:00:00]} 4. Nge2 {[%emt 0:00:01]} Bg7 {[%emt 0:00:01]} 5. g3 {[%emt 0:00:00]} c5 {[%emt 0:00:03]} 6. Bg2 {[%emt 0:00:01]} e5 {[%emt 0:00:01]} 7. O-O {[%emt 0:00:01]} d6 {[%emt 0:00:01]} 8. d3 {[%emt 0:00:01]} Nc6 {[%emt 0:00:01]} 9. Be3 {[%emt 0:00:01]} Nge7 {[%emt 0:00:03]} 10. f4 {[%emt 0:00:01]} f6 {[%emt 0:00:02]} 11. f5 {[%emt 0:00:04]} g5 {[%emt 0:00:01]} 12. a3 {[%emt 0:00:05]} Qd7 {[%emt 0:00:08]} 13. Rb1 {[%emt 0:00:02]} a5 {[%emt 0:00:02]} 14. Nd5 {[%emt 0:00:05]} Nxd5 {[%emt 0:00:02]} 15. exd5 {[%emt 0:00:02]} Nd4 {[%emt 0:00:04]} 16. Nxd4 {[%emt 0:00:17]} cxd4 {[%emt 0:00:02]} 17. Bxg5 {[%emt 0:00:24]} fxg5 {[%emt 0:00:05]} 18. f6 {[%emt 0:00:00]} Bf8 {[%emt 0:00:04]} 19. f7+ {[%emt 0:00:03]} Kd8 {[%emt 0:00:03]} 20. Qh5 {[%emt 0:00:03]} Qe7 {[%emt 0:00:06]} 21. b4 {[%emt 0:00:07]} a4 {[%emt 0:00:01]} 22. c5 {[%emt 0:00:03]} dxc5 {[%emt 0:00:04]} 23. bxc5 {[%emt 0:00:01]} Qxc5 {[%emt 0:00:03]} 24. Qxg5+ {[%emt 0:00:04]} Kc7 {[%emt 0:00:11]} 25. Rfc1 {[%emt 0:00:02]} Rd8 {[%emt 0:00:08]} 26. Rxc5+ {[%emt 0:00:04]} Bxc5 {[%emt 0:00:01]} 27. Qxe5+ {[%emt 0:00:01]} Bd6 {[%emt 0:00:06]} 28. Qf6 {[%emt 0:00:08]} Rhf8 {[%emt 0:00:01]} 29. Qxd4 {[%emt 0:00:20]} Bc5 {[%emt 0:00:02]} 30. Rc1 {[%emt 0:00:01]} Kd6 {[%emt 0:00:15]} 31. Rxc5 {[%emt 0:00:01]} bxc5 {[%emt 0:00:01]} 32. Qf6+ {[%emt 0:00:07]} Kc7 {[%emt 0:00:02]} 33. d6+ {[%emt 0:00:01]} Kb8 {[%emt 0:00:04]} 34. Qe7 {[%emt 0:00:28]} Bxg2 {[%emt 0:00:19]} 35. Kxg2 {[%emt 0:00:00]} Rc8 {[%emt 0:00:01]} 36. Kf3 {[%emt 0:00:06]} Rfd8 {[%emt 0:00:04]} 37. Ke4 {[%emt 0:00:03]} Ka8 {[%emt 0:00:03]} 38. Kd5 {[%emt 0:00:04]} Kb8 {[%emt 0:00:02]} 39. Kc4 {[%emt 0:00:03]} Ka8 {[%emt 0:00:03]} 40. Kb5 {[%emt 0:00:02]} Rb8+ {[%emt 0:00:03]} 41. Ka6 {[%emt 0:00:01]} Rb5 {[%emt 0:00:10] Haris kollari 13 resigns (Lag: Av=0.48s, max=0.7s)} 1-0

[Event "Stay Safe Play From Home 243"]
[Site "Emanuel Lasker Arena"]
[Date "2020.06.21"]
[Round "4"]
[White "Josey wales"]
[Black "Matanant"]
[Result "0-1"]
[WhiteElo "1906"]
[BlackElo "1784"]
[Annotator "NA"]
[PlyCount "122"]
[EventDate "2020.06.21"]
[EventType "swiss (blitz)"]

1. d4 {[%emt 0:00:03]} e6 {[%emt 0:00:03]} 2. Nf3 {[%emt 0:00:00]} f5 {[%emt 0:00:02]} 3. e3 {[%emt 0:00:00]} Nf6 {[%emt 0:00:00]} 4. Bc4 {[%emt 0:00:01]} d5 {[%emt 0:00:00]} 5. Bb3 {[%emt 0:00:01]} c5 {[%emt 0:00:01]} 6. c4 {[%emt 0:00:03]} Nc6 {[%emt 0:00:10]} 7. dxc5 {[%emt 0:00:03]} Bxc5 {[%emt 0:00:02]} 8. cxd5 {[%emt 0:00:00]} Nxd5 {[%emt 0:00:04]} 9. O-O {[%emt 0:00:01]} O-O {[%emt 0:00:02]} 10. Nd4 {[%emt 0:00:04]} Na5 {[%emt 0:00:04]} 11. Bc2 {[%emt 0:00:04]} Nb4 {[%emt 0:00:04]} 12. a3 {[%emt 0:00:27]} Nxc2 {[%emt 0:00:03]} 13. Nxc2 {[%emt 0:00:00]} Bd7 {[%emt 0:00:04]} 14. b4 {[%emt 0:00:02]} Nb3 {[%emt 0:00:01]} 15. Ra2 {[%emt 0:00:08]} Nxc1 {[%emt 0:00:02]} 16. Qxc1 {[%emt 0:00:01]} Be7 {[%emt 0:00:02]} 17. Rd1 {[%emt 0:00:04]} Qc7 {[%emt 0:00:10]} 18. Qd2 {[%emt 0:00:03]} Bc6 {[%emt 0:00:04]} 19. Nd4 {[%emt 0:00:02]} Bd5 {[%emt 0:00:02]} 20. Rc2 {[%emt 0:00:03]} Qb6 {[%emt 0:00:09]} 21. Rdc1 {[%emt 0:00:04]} Bd6 {[%emt 0:00:11]} 22. Nc3 {[%emt 0:00:02]} Rad8 {[%emt 0:00:28]} 23. Nxd5 {[%emt 0:00:01]} exd5 {[%emt 0:00:01]} 24. Ne6 {[%emt 0:00:05]} Be5 {[%emt 0:00:17]} 25. Nxf8 {[%emt 0:00:04]} Kxf8 {[%emt 0:00:02]} 26. Rc8 {[%emt 0:00:08]} Qd6 {[%emt 0:00:13]} 27. f4 {[%emt 0:00:08]} Bf6 {[%emt 0:00:07]} 28. Rxd8+ {[%emt 0:00:02]} Bxd8 {[%emt 0:00:02]} 29. Rd1 {[%emt 0:00:01]} Bb6 {[%emt 0:00:03]} 30. Kf2 {[%emt 0:00:04]} Qe6 {[%emt 0:00:12]} 31. Qd3 {[%emt 0:00:10]} g6 {[%emt 0:00:06]} 32. h3 {[%emt 0:00:01]} Kg7 {[%emt 0:00:05]} 33. a4 {[%emt 0:00:02]} Kh6 {[%emt 0:00:02]} 34. b5 {[%emt 0:00:01]} Qd6 {[%emt 0:00:04]} 35. g3 {[%emt 0:00:05]} d4 {[%emt 0:00:06]} 36. exd4 {[%emt 0:00:11]} Qd5 {[%emt 0:00:01]} 37. Qe3 {[%emt 0:00:11]} Qa2+ {[%emt 0:00:06]} 38. Rd2 {[%emt 0:00:03]} Qxa4 {[%emt 0:00:01]} 39. Qd3 {[%emt 0:00:04]} a6 {[%emt 0:00:09]} 40. bxa6 {[%emt 0:00:03]} bxa6 {[%emt 0:00:01]} 41. Kg2 {[%emt 0:00:00]} Qc6+ {[%emt 0:00:11]} 42. d5 {[%emt 0:00:01]} Qc5 {[%emt 0:00:01]} 43. d6 {[%emt 0:00:04]} Qg1+ {[%emt 0:00:02]} 44. Kf3 {[%emt 0:00:03]} Qh1+ {[%emt 0:00:01]} 45. Ke2 {[%emt 0:00:04]} Qxh3 {[%emt 0:00:06]} 46. Kd1 {[%emt 0:00:02]} Qh1+ {[%emt 0:00:04]} 47. Kc2 {[%emt 0:00:01]} Qc6+ {[%emt 0:00:03]} 48. Qc3 {[%emt 0:00:03]} Qe4+ {[%emt 0:00:07]} 49. Rd3 {[%emt 0:00:01]} Qe2+ {[%emt 0:00:09]} 50. Kb3 {[%emt 0:00:02]} Qe6+ {[%emt 0:00:06]} 51. Kc2 {[%emt 0:00:05]} Qd7 {[%emt 0:00:01]} 52. Qb4 {[%emt 0:00:07]} Bd8 {[%emt 0:00:04]} 53. Qc4 {[%emt 0:00:05]} a5 {[%emt 0:00:02]} 54. Rd5 {[%emt 0:00:06]} a4 {[%emt 0:00:01]} 55. Qb5 {[%emt 0:00:01]} Qc8+ {[%emt 0:00:03]} 56. Rc5 {[%emt 0:00:02]} Qa8 {[%emt 0:00:01]} 57. Rc3 {[%emt 0:00:08]} Qg2+ {[%emt 0:00:02]} 58. Kb1 {[%emt 0:00:01]} Bf6 {[%emt 0:00:02]} 59. Rc2 {[%emt 0:00:02]} Qg1+ {[%emt 0:00:02]} 60. Ka2 {[%emt 0:00:03]} Qd4 {[%emt 0:00:00]} 61. d7 {[%emt 0:00:08]} Qa1# {[%emt 0:00:02] (Lag: Av=0.59s, max=1.1s)} 0-1

[Event "Stay Safe Play From Home 243"]
[Site "Emanuel Lasker Arena"]
[Date "2020.06.21"]
[Round "4"]
[White "Dukic"]
[Black "Skmishra"]
[Result "1-0"]
[WhiteElo "1762"]
[BlackElo "1174"]
[Annotator "NA"]
[PlyCount "53"]
[EventDate "2020.06.21"]
[EventType "swiss (blitz)"]

1. c4 {[%emt 0:00:01]} Nf6 {[%emt 0:00:04]} 2. Nc3 {[%emt 0:00:00]} e6 {[%emt 0:00:04]} 3. Nf3 {[%emt 0:00:01]} Bb4 {[%emt 0:00:04]} 4. Na4 {[%emt 0:00:04]} Nc6 {[%emt 0:00:09]} 5. a3 {[%emt 0:00:02]} Be7 {[%emt 0:00:03]} 6. d4 {[%emt 0:00:03]} d5 {[%emt 0:00:06]} 7. b3 {[%emt 0:00:06]} a6 {[%emt 0:00:03]} 8. e3 {[%emt 0:00:03]} O-O {[%emt 0:00:35]} 9. Bb2 {[%emt 0:00:01]} Na7 {[%emt 0:00:13]} 10. Nc3 {[%emt 0:00:12]} c6 {[%emt 0:00:09]} 11. Bd3 {[%emt 0:00:02]} h6 {[%emt 0:00:07]} 12. O-O {[%emt 0:00:01]} Nd7 {[%emt 0:00:18]} 13. Qe2 {[%emt 0:00:03]} f5 {[%emt 0:00:04]} 14. Qc2 {[%emt 0:00:15]} Nf6 {[%emt 0:00:04]} 15. Ne2 {[%emt 0:00:02]} Ne4 {[%emt 0:00:03]} 16. Nf4 {[%emt 0:00:11]} Rf6 {[%emt 0:00:30]} 17. Ne5 {[%emt 0:00:03]} Bd7 {[%emt 0:00:44]} 18. f3 {[%emt 0:00:15]} Ng5 {[%emt 0:00:05]} 19. Nh5 {[%emt 0:00:25]} Rf8 {[%emt 0:00:15]} 20. Ng6 {[%emt 0:00:03]} Re8 {[%emt 0:00:02]} 21. Nxe7+ {[%emt 0:00:23]} Qxe7 {[%emt 0:00:04]} 22. Nf4 {[%emt 0:00:15]} Nc8 {[%emt 0:00:17]} 23. Ng6 {[%emt 0:00:07]} Qf6 {[%emt 0:00:05]} 24. Ne5 {[%emt 0:00:02]} Re7 {[%emt 0:00:10]} 25. e4 {[%emt 0:00:02]} Nd6 {[%emt 0:00:24]} 26. Nxd7 {[%emt 0:00:06]} Rxd7 {[%emt 0:00:03]} 27. e5 {[%emt 0:00:01] Time (Lag: Av=0.77s, max=1.1s)} 1-0

[Event "Stay Safe Play From Home 243"]
[Site "Emanuel Lasker Arena"]
[Date "2020.06.21"]
[Round "4"]
[White "Timbre"]
[Black "Tvtower68"]
[Result "1/2-1/2"]
[WhiteElo "1669"]
[BlackElo "1777"]
[Annotator "NA"]
[PlyCount "60"]
[EventDate "2020.06.21"]
[EventType "swiss (blitz)"]

1. d4 {[%emt 0:00:14]} d5 {[%emt 0:00:05]} 2. Nf3 {[%emt 0:00:01]} c5 {[%emt 0:00:01]} 3. c3 {[%emt 0:00:03]} Nc6 {[%emt 0:00:01]} 4. Bf4 {[%emt 0:00:02]} g6 {[%emt 0:00:01]} 5. e3 {[%emt 0:00:01]} Bg7 {[%emt 0:00:01]} 6. Be2 {[%emt 0:00:01]} Nf6 {[%emt 0:00:01]} 7. Nbd2 {[%emt 0:00:01]} Ne4 {[%emt 0:00:01]} 8. Nxe4 {[%emt 0:00:02]} dxe4 {[%emt 0:00:01]} 9. Nd2 {[%emt 0:00:01]} cxd4 {[%emt 0:00:01]} 10. cxd4 {[%emt 0:00:03]} Bf5 {[%emt 0:00:03]} 11. O-O {[%emt 0:00:08]} a6 {[%emt 0:00:04]} 12. Bg4 {[%emt 0:00:02]} e6 {[%emt 0:00:05]} 13. Bxf5 {[%emt 0:00:02]} exf5 {[%emt 0:00:01]} 14. f3 {[%emt 0:00:02]} exf3 {[%emt 0:00:08]} 15. Nxf3 {[%emt 0:00:01]} O-O {[%emt 0:00:01]} 16. a3 {[%emt 0:00:07]} b5 {[%emt 0:00:12]} 17. Rc1 {[%emt 0:00:06]} Na5 {[%emt 0:00:01]} 18. Rc5 {[%emt 0:00:13]} Re8 {[%emt 0:00:05]} 19. Bc7 {[%emt 0:00:03]} Qe7 {[%emt 0:00:09]} 20. Bxa5 {[%emt 0:00:02]} Qxe3+ {[%emt 0:00:01]} 21. Kh1 {[%emt 0:00:05]} Qb3 {[%emt 0:00:27]} 22. Bc3 {[%emt 0:00:04]} Qe6 {[%emt 0:00:06]} 23. Re1 {[%emt 0:00:08]} Qb6 {[%emt 0:00:02]} 24. Rxe8+ {[%emt 0:00:02]} Rxe8 {[%emt 0:00:02]} 25. h3 {[%emt 0:00:07]} a5 {[%emt 0:00:05]} 26. Qb3 {[%emt 0:00:06]} Rb8 {[%emt 0:00:08]} 27. Qd5 {[%emt 0:00:03]} Rd8 {[%emt 0:00:08]} 28. Qb3 {[%emt 0:00:09]} Rb8 {[%emt 0:00:02]} 29. Ng5 {[%emt 0:00:08]} Qf6 {[%emt 0:00:15]} 30. Nf3 {[%emt 0:00:11]} Qb6 {[%emt 0:00:03] (Lag: Av=0.28s, max=0.4s)} 1/2-1/2

[Event "Stay Safe Play From Home 243"]
[Site "Emanuel Lasker Arena"]
[Date "2020.06.21"]
[Round "4"]
[White "Tunca"]
[Black "Dave_H"]
[Result "0-1"]
[WhiteElo "1668"]
[BlackElo "1855"]
[Annotator "NA"]
[PlyCount "62"]
[EventDate "2020.06.21"]
[EventType "swiss (blitz)"]
[BlackTeam "SK Vellmar"]

{- Halt, David (2088)} 1. e4 {[%emt 0:00:07]} e5 {[%emt 0:00:02]} 2. f4 {[%emt 0:00:02]} exf4 {[%emt 0:00:02]} 3. Nf3 {[%emt 0:00:02]} g5 {[%emt 0:00:02]} 4. Bc4 {[%emt 0:00:01]} Bg7 {[%emt 0:00:05]} 5. O-O {[%emt 0:00:01]} d6 {[%emt 0:00:08]} 6. d4 {[%emt 0:00:54]} h6 {[%emt 0:00:02]} 7. Nc3 {[%emt 0:00:08]} Ne7 {[%emt 0:00:03]} 8. b3 {[%emt 0:00:32]} O-O {[%emt 0:00:04]} 9. Bb2 {[%emt 0:00:01]} c6 {[%emt 0:00:03]} 10. Bd3 {[%emt 0:00:25]} f5 {[%emt 0:00:08]} 11. e5 {[%emt 0:00:06]} dxe5 {[%emt 0:00:10]} 12. dxe5 {[%emt 0:00:06]} Ng6 {[%emt 0:00:07]} 13. Na4 {[%emt 0:00:17]} Kh8 {[%emt 0:00:29]} 14. Re1 {[%emt 0:00:18]} b6 {[%emt 0:00:08]} 15. e6 {[%emt 0:00:12]} Bxb2 {[%emt 0:00:06]} 16. Nxb2 {[%emt 0:00:00]} g4 {[%emt 0:00:07]} 17. Nd2 {[%emt 0:00:13]} Qd4+ {[%emt 0:00:04]} 18. Kh1 {[%emt 0:00:04]} Qxb2 {[%emt 0:00:04]} 19. Nc4 {[%emt 0:00:12]} Qf6 {[%emt 0:00:12]} 20. e7 {[%emt 0:00:25]} Nxe7 {[%emt 0:00:05]} 21. Ne5 {[%emt 0:00:02]} Nd5 {[%emt 0:00:08]} 22. Qd2 {[%emt 0:00:16]} Nd7 {[%emt 0:00:17]} 23. Nc4 {[%emt 0:00:09]} b5 {[%emt 0:00:14]} 24. Na5 {[%emt 0:00:01]} Nc5 {[%emt 0:00:03]} 25. c4 {[%emt 0:00:02]} Nxd3 {[%emt 0:00:13]} 26. Qxd3 {[%emt 0:00:00]} Ne3 {[%emt 0:00:03]} 27. cxb5 {[%emt 0:00:04]} cxb5 {[%emt 0:00:07]} 28. Qxb5 {[%emt 0:00:01]} Be6 {[%emt 0:00:05]} 29. Qb4 {[%emt 0:00:12]} Bd5 {[%emt 0:00:08]} 30. Qxf4 {[%emt 0:00:07]} Nxg2 {[%emt 0:00:05]} 31. Qe5 {[%emt 0:00:02]} Nf4+ {[%emt 0:00:16]} 0-1

[Event "Stay Safe Play From Home 243"]
[Site "Emanuel Lasker Arena"]
[Date "2020.06.21"]
[Round "4"]
[White "Bishop91"]
[Black "Greblha"]
[Result "0-1"]
[WhiteElo "1629"]
[BlackElo "1889"]
[Annotator "NA"]
[PlyCount "78"]
[EventDate "2020.06.21"]
[EventType "swiss (blitz)"]

1. e4 {[%emt 0:00:04]} c6 {[%emt 0:00:00]} 2. d4 {[%emt 0:00:02]} d5 {[%emt 0:00:00]} 3. exd5 {[%emt 0:00:00]} cxd5 {[%emt 0:00:01]} 4. Nf3 {[%emt 0:00:00]} Nc6 {[%emt 0:00:01]} 5. Bd3 {[%emt 0:00:01]} g6 {[%emt 0:00:00]} 6. O-O {[%emt 0:00:01]} Bg7 {[%emt 0:00:00]} 7. Re1 {[%emt 0:00:00]} Nh6 {[%emt 0:00:01]} 8. Bxh6 {[%emt 0:00:02]} Bxh6 {[%emt 0:00:02]} 9. c3 {[%emt 0:00:00]} O-O {[%emt 0:00:02]} 10. Nbd2 {[%emt 0:00:02]} Bf5 {[%emt 0:00:04]} 11. Nf1 {[%emt 0:00:02]} Bxd3 {[%emt 0:00:03]} 12. Qxd3 {[%emt 0:00:00]} e6 {[%emt 0:00:01]} 13. Ne3 {[%emt 0:00:02]} a6 {[%emt 0:00:01]} 14. Ng4 {[%emt 0:00:01]} Bg7 {[%emt 0:00:01]} 15. Nge5 {[%emt 0:00:01]} Nxe5 {[%emt 0:00:02]} 16. Nxe5 {[%emt 0:00:00]} b5 {[%emt 0:00:01]} 17. f4 {[%emt 0:00:09]} Qc7 {[%emt 0:00:01]} 18. Rac1 {[%emt 0:00:02]} Rfc8 {[%emt 0:00:02]} 19. g4 {[%emt 0:00:03]} b4 {[%emt 0:00:09]} 20. h4 {[%emt 0:00:28]} a5 {[%emt 0:00:04]} 21. h5 {[%emt 0:00:05]} Bxe5 {[%emt 0:00:15]} 22. fxe5 {[%emt 0:00:04]} Qc4 {[%emt 0:00:01]} 23. Qf3 {[%emt 0:00:07]} Qxa2 {[%emt 0:00:05]} 24. Rf1 {[%emt 0:00:03]} Ra7 {[%emt 0:00:04]} 25. Rf2 {[%emt 0:00:13]} bxc3 {[%emt 0:00:13]} 26. bxc3 {[%emt 0:00:02]} Qa3 {[%emt 0:00:01]} 27. hxg6 {[%emt 0:00:08]} Qxc1+ {[%emt 0:00:06]} 28. Kg2 {[%emt 0:00:00]} hxg6 {[%emt 0:00:07]} 29. Qf6 {[%emt 0:00:02]} Qh6 {[%emt 0:00:18]} 30. g5 {[%emt 0:00:06]} Qg7 {[%emt 0:00:07]} 31. Qf3 {[%emt 0:00:01]} Rac7 {[%emt 0:00:03]} 32. Rc2 {[%emt 0:00:04]} a4 {[%emt 0:00:02]} 33. Kf1 {[%emt 0:00:09]} a3 {[%emt 0:00:02]} 34. Ke2 {[%emt 0:00:07]} a2 {[%emt 0:00:04]} 35. Rxa2 {[%emt 0:00:03]} Rxc3 {[%emt 0:00:00]} 36. Qh1 {[%emt 0:00:18]} Qh8 {[%emt 0:00:06]} 37. Qg1 {[%emt 0:00:14]} Qh5+ {[%emt 0:00:05]} 38. Kd2 {[%emt 0:00:04]} Qf3 {[%emt 0:00:04]} 39. Rb2 {[%emt 0:00:10]} Qd3+ {[%emt 0:00:06] Bishop91 resigns (Lag: Av=0.36s, max=0.8s)} 0-1

[Event "Stay Safe Play From Home 243"]
[Site "Emanuel Lasker Arena"]
[Date "2020.06.21"]
[Round "5"]
[White "Klausen"]
[Black "Bishop91"]
[Result "0-1"]
[WhiteElo "1902"]
[BlackElo "1623"]
[Annotator "NA"]
[PlyCount "70"]
[EventDate "2020.06.21"]
[EventType "swiss (blitz)"]

1. Nf3 {[%emt 0:00:05]} d5 {[%emt 0:00:06]} 2. d4 {[%emt 0:00:02]} Bf5 {[%emt 0:00:03]} 3. c4 {[%emt 0:00:02]} e6 {[%emt 0:00:03]} 4. cxd5 {[%emt 0:00:02]} exd5 {[%emt 0:00:05]} 5. Qb3 {[%emt 0:00:02]} Nc6 {[%emt 0:00:04]} 6. e3 {[%emt 0:00:18]} Nb4 {[%emt 0:00:04]} 7. Na3 {[%emt 0:00:05]} c6 {[%emt 0:00:03]} 8. Bd2 {[%emt 0:00:05]} a5 {[%emt 0:00:01]} 9. Ne5 {[%emt 0:00:08]} Bd6 {[%emt 0:00:05]} 10. Nd3 {[%emt 0:00:10]} Nxd3+ {[%emt 0:00:04]} 11. Bxd3 {[%emt 0:00:02]} a4 {[%emt 0:00:04]} 12. Qc2 {[%emt 0:00:04]} Bxd3 {[%emt 0:00:00]} 13. Qxd3 {[%emt 0:00:02]} Nf6 {[%emt 0:00:04]} 14. Nc2 {[%emt 0:00:11]} Qc7 {[%emt 0:00:04]} 15. Bb4 {[%emt 0:00:06]} Bxh2 {[%emt 0:00:05]} 16. g3 {[%emt 0:00:15]} Bxg3 {[%emt 0:00:03]} 17. fxg3 {[%emt 0:00:01]} Qxg3+ {[%emt 0:00:00]} 18. Kd1 {[%emt 0:00:26]} Qf3+ {[%emt 0:00:05]} 19. Kc1 {[%emt 0:00:10]} Qxh1+ {[%emt 0:00:02]} 20. Ne1 {[%emt 0:00:02]} Ne4 {[%emt 0:00:12]} 21. Qe2 {[%emt 0:00:27]} h5 {[%emt 0:00:14]} 22. Kc2 {[%emt 0:00:05]} Rh6 {[%emt 0:00:11]} 23. Rc1 {[%emt 0:00:20]} Rg6 {[%emt 0:00:06]} 24. Kb1 {[%emt 0:00:03]} Rg1 {[%emt 0:00:11]} 25. a3 {[%emt 0:00:09]} O-O-O {[%emt 0:00:13]} 26. Rxc6+ {[%emt 0:00:22]} bxc6 {[%emt 0:00:07]} 27. Qa6+ {[%emt 0:00:01]} Kd7 {[%emt 0:00:04]} 28. Qb7+ {[%emt 0:00:03]} Ke6 {[%emt 0:00:02]} 29. Qe7+ {[%emt 0:00:03]} Kf5 {[%emt 0:00:05]} 30. Qxd8 {[%emt 0:00:19]} Rxe1+ {[%emt 0:00:04]} 31. Bxe1 {[%emt 0:00:01]} Qxe1+ {[%emt 0:00:00]} 32. Ka2 {[%emt 0:00:00]} Nd2 {[%emt 0:00:08]} 33. Qd7+ {[%emt 0:00:15]} Ke4 {[%emt 0:00:34]} 34. Qe8+ {[%emt 0:00:12]} Kd3 {[%emt 0:00:06]} 35. Qxc6 {[%emt 0:00:14]} Qb1# {[%emt 0:00:03] (Lag: Av=0.27s, max=0.5s)} 0-1